| 000 | 01307nam0a2200325 i 4500 | ||
|---|---|---|---|
| 001 | RU\NLR\bibl\2039706 | ||
| 005 | 20240921195043.0 | ||
| 010 |
_a9785918081013 _9200 |
||
| 021 |
_aRU _b2013-33833 _92318 |
||
| 035 | _a(NLR Aleph) 002027035 | ||
| 090 |
_a4532129 _c4532129 |
||
| 100 | _a20130604d2013 u y0rusy50 ca | ||
| 101 | 0 | _arus | |
| 102 | _aRU | ||
| 105 | _aa ||||||||| | ||
| 200 | 1 |
_aИнвентаризация интеллектуальных прав на результаты интеллектуальной деятельности _fБ.Б. Леонтьев, Х.А. Мамаджанов |
|
| 210 |
_aМосква _cПАТЕНТ _d2013 |
||
| 215 |
_a266, [1] с. _cил. _d22 |
||
| 320 | _aБиблиогр. в подстроч. примеч. | ||
| 606 | 1 |
_aИнтеллектуальная собственность _xОхрана _xПравовые вопросы _yРоссийская Федерация _92098445 _3RU\NLR\auth\661269421 |
|
| 686 | _aХ623.3 | ||
| 686 | _aХ623.4 | ||
| 700 | 1 |
_aЛеонтьев _bБ. Б. _gБорис Борисович _4070 |
|
| 701 | 1 |
_aМамаджанов _bХ. А. _gХамид Абиджанович _4070 |
|
| 801 | 0 |
_aRU _bNLR _c20130604 _gRCR |
|
| 801 | 1 |
_aRU _bNLR _c20130604 |
|
| 830 | _aпо кн | ||
| 942 | _cBOOK | ||
| 980 | _aNBR | ||